| 000 | 00722nam a2200217Ia 4500 | ||
|---|---|---|---|
| 003 | GCL | ||
| 008 | 140319s9999 xx 000 0 ara d | ||
| 040 |
_aGCL / _cGCL |
||
| 082 | 0 | 4 |
_a721 _bر إ |
| 100 | 1 | _aربيح الحرستانى | |
| 245 | 1 | 0 |
_aالاظهار المعمارى واللون / _cربيح الحرستانى |
| 700 | 1 | _aميشيل عيلبونى | |
| 250 | _aالاولى | ||
| 260 |
_aبيروت : _bدار قابس للطباعة والنشر والتوزيع ، _c1998 |
||
| 300 |
_a229 ص ؛ _c26 سم |
||
| 650 | 0 | 4 | _aالالوان |
| 650 | 0 | 4 | _aالتصميم المعمارى |
| 650 | 0 | 4 | _aالتصميم الداخلى |
| 650 | 0 | 4 | _aالاظهار المعمارى |
| 942 |
_2ddc _cBK |
||
| 999 |
_c30538 _d30538 |
||